000 00436cam a2200169ua 4500
020 _c5.00
041 _amal
_h
082 _a894.812301
_bPAR/PU
100 _aParameswaran Pillai, Pulimana .
245 _aPulimana Krithikal /
_cPulimana Parameswaran Pillai.
_hTextual Documents
260 _aKollam :
_bM S Book Depot ,
_c1961.
300 _a335 ; .
365 _a5.00
504 _a
942 _cBK
999 _c12016
_d12016